000 01142nmc a2200373 a 4500
003 AR-Y00000XR
005 20251128211935.0
008 117020s2004 ||||||||||||||000 | spa||
020 _a84-7432-939-6
040 _cAR-Y00000XR
245 1 0 _aLa exclusión
_bbordeando sus fronteras : definiciones y matices
250 _a1ª ed.
260 _aBarcelona
_bEditorial Gedisa
_c2004
300 0 _a220 p.
490 0 _aBiblioteca de educación. Pedagogía social y trabajo social
_vv. 5
650 4 _aORGANIZACIONES DE LA COMUNIDAD
650 4 _aESTRATIFICACION SOCIAL
650 4 _aDERECHOS CIVILES Y POLITICOS
650 4 _aDISCRIMINACION
650 4 _aMARGINALIDAD SOCIAL
650 4 _aSOCIEDAD CONTEMPORANEA
650 4 _aPROBLEMAS SOCIALES
650 4 _aDESIGUALDAD SOCIAL
650 4 _aPOBREZA
653 0 _aEXCLUSION SOCIAL
700 1 _aKarsz, Saül
_ecompilador
700 1 _aAutès, Michel
_ecolaborador
700 1 _aCastel, Robert
_ecolaborador
700 1 _aRoche, Richard
_ecolaborador
700 1 _aSassier, Monique
_ecolaborador
800 1 _aNúñez, Violeta
942 _cBK
998 _cme-solo cat
999 _c21711
_d21711